000 00303nam a22001337a 4500
008 181017b xxu||||| |||| 00| 0 eng d
020 _a9780256169171
041 _aeng
080 _28th
_a330.722
100 _a62
101 _aKM
245 _aManagerial Accounting
_cGarrison,R.H
942 _2udc
_cBK
999 _c50049
_d50049